| 000 | 00387nam a2200157Ia 4500 | ||
|---|---|---|---|
| 008 | 230917s9999||||xx |||||||||||||| ||und|| | ||
| 040 |
_e133749 _aMAIN |
||
| 041 | _aEnglish | ||
| 082 | _a658.072 B846B | ||
| 100 | _aBryman, Alan | ||
| 245 | 0 | _aBusiness research methods | |
| 250 | _a2nd ed. | ||
| 260 |
_aNew Delhi _bOxford University Press _c2008 |
||
| 300 | _a786 p. | ||
| 942 | _cBK | ||
| 999 |
_c137251 _d137251 |
||